000 00542cam a2200205ua 4500
001 9408
008 150824n ii |||gr||||Z||||||eng
020 _a9789324404756
040 _cMAIN
041 _aeng
082 _a954.162
100 _aPhukan, Khagen Chandra,
_eAuthor.
245 _aAssam :
_bfrom disunity to unity(1228-1826 AD) /
_cby Khagen Chandra Phukan .
250 _a1st ed.
260 _aGuwahati:
_bChandra prakash,
_c2015.
300 _a218p.
653 _aSouth Asia India
653 _aHistory of Assam
942 _cBK
999 _c8463
_d8463